Minerals Bulletin (Record no. 118729)

MARC details
000 -LEADER
fixed length control field 00608cas a22002055a 4500
001 - CONTROL NUMBER
control field L109925
008 - FIXED-LENGTH DATA ELEMENTS--GENERAL INFORMATION
fixed length control field 070514d19992001xxkux p a eng u
035 ## - SYSTEM CONTROL NUMBER
System control number (Sirsi) u109925
041 0# - LANGUAGE CODE
Language code of text/sound track or separate title eng
110 2# - MAIN ENTRY--CORPORATE NAME
Corporate name or jurisdiction name as entry element Royal Institution of Chartered Surveyors
Subordinate unit Minerals and Waste Management Faculty
245 00 - TITLE STATEMENT
Title Minerals Bulletin
260 ## - PUBLICATION, DISTRIBUTION, ETC.
Place of publication, distribution, etc. London
Name of publisher, distributor, etc. RICS
Date of publication, distribution, etc. 1999-2001
362 0# - DATES OF PUBLICATION AND/OR SEQUENTIAL DESIGNATION
Dates of publication and/or sequential designation Spring 1999-May 2001
362 0# - DATES OF PUBLICATION AND/OR SEQUENTIAL DESIGNATION
Dates of publication and/or sequential designation Edinburgh: Spring 1999-Summer 2000
554 ## -
-- Irregular
651 #4 - SUBJECT ADDED ENTRY--GEOGRAPHIC NAME
Geographic name United Kingdom
Chronological subdivision
690 ## - LOCAL SUBJECT ADDED ENTRY--TOPICAL TERM (OCLC, RLIN)
Topical term or geographic name as entry element MINING AND MINERALS
785 00 - SUCCEEDING ENTRY
Title Minerals and Waste Management Bulletin
942 ## - ADDED ENTRY ELEMENTS (KOHA)
Suppress in OPAC 0
Holdings
Withdrawn status Lost status Source of classification or shelving scheme Damaged status Not for loan Home library Current library Shelving location Date acquired Total Checkouts Full call number Barcode Date last seen Price effective from Koha item type
    Dewey Decimal Classification     London London Gallery 12/12/2000   MINERALS BULLETIN 109925-1001 06/08/2019 06/08/2019 Journal